CHINA BUSINESS TRAVEL GUIDE (Record no. 13016)

MARC details
000 -LEADER
fixed length control field 00346nam a22001457a 4500
003 - CONTROL NUMBER IDENTIFIER
control field SGT
082 ## - DEWEY DECIMAL CLASSIFICATION NUMBER
Classification number 380
Item number C10A
100 ## - MAIN ENTRY--PERSONAL NAME
Personal name ADMINISTRATION CHINA NT
245 ## - TITLE STATEMENT
Title CHINA BUSINESS TRAVEL GUIDE
250 ## - EDITION STATEMENT
Edition statement 1ST
260 ## - PUBLICATION, DISTRIBUTION, ETC. (IMPRINT)
Place of publication, distribution, etc CHINA
Name of publisher, distributor, etc CHINA NATIONAL TOURISM ADMINSTRATION
Year of Publication 2010
300 ## - PAGE DESCRIPTION
No. of Pages 229
650 ## - SUBJECT ADDED ENTRY--TOPICAL TERM
Topical term or geographic name as entry element MASS COMMUNICATION
942 ## - ADDED ENTRY ELEMENTS (KOHA)
Source of classification or shelving scheme Dewey Decimal Classification
Koha item type Books
Holdings
Withdrawn status Lost status Source of classification or shelving scheme Damaged status Not for loan Collection code Home library Current library Shelving location Date acquired Vendor Name SGTU Bill Number Total Checkouts Full call number Accession No. (Barcode) Date last seen Bill Date Koha item type
    Dewey Decimal Classification     MASS COMMUNICATION SGT Science & Social Sciences Library SGT Science & Social Sciences Library On Display 14/08/2017 VANI PRAKASHAN SGTU GV233   380 C10A MC293 14/08/2017 10/12/2016 Books